000 00268nam a2200109Ia 4500
008 200302s9999 xx 000 0 und d
100 _aJeremy Myerson & Other
245 _aThe Creative Office
260 _bLaurence King Publication
260 _c1999
300 _a240 P.,
999 _c5081
_d5081